[Event "Niederrhein-ch"]
[Site "Hilden"]
[Date "2004.04.07"]
[Round "6"]
[White "Lotz, Kai Uwe"]
[Black "Naber, Armin"]
[Result "1-0"]
[WhiteElo "1835"]
[BlackElo "1695"]
[PlyCount "28"]
[EventDate "2004.04.02"]
[EventType "swiss"]
[EventRounds "9"]
[EventCountry "GER"]
[SourceTitle "EXT 2005"]
[Source "ChessBase"]
[SourceDate "2004.11.15"]
[SourceVersion "1"]
[SourceVersionDate "2004.11.15"]
[SourceQuality "1"]

1. d4 d5 2. Nf3 c6 3. c4 e6 4. Nc3 Nf6 5. Bg5 Be7 6. e3 Nbd7 7. Rc1 h6 8. Bh4 a6 9. Bd3 dxc4 10. Bxc4 Nd5 11. Bg3 N7b6 12. Bb3 Bb4 13. Ne5 a5 14. Qh5 Nf6 1-0

[Event "Rheinhausen op"]
[Site "Duisburg"]
[Date "2004.02.27"]
[Round "5"]
[White "Scharrenbroich, Andreas"]
[Black "Lotz, Kai Uwe"]
[Result "1/2-1/2"]
[WhiteElo "1753"]
[BlackElo "1835"]
[PlyCount "53"]
[EventDate "2004.01.09"]
[EventType "swiss"]
[EventRounds "7"]
[EventCountry "GER"]
[SourceTitle "EXT 2006"]
[Source "ChessBase"]
[SourceDate "2005.11.24"]
[SourceVersion "1"]
[SourceVersionDate "2005.11.24"]
[SourceQuality "1"]

1. e4 g6 2. g3 Bg7 3. Bg2 c5 4. Ne2 Nc6 5. Nbc3 e6 6. d3 Nge7 7. Be3 d6 8. 0-0 Nd4 9. Qd2 0-0 10. f4 Nec6 11. a3 Qa5 12. Rab1 Rb8 13. Qc1 b5 14. b4 Nxe2+ 15. Nxe2 cxb4 16. axb4 Qc7 17. c4 Bd7 18. c5 a5 19. bxa5 Nxa5 20. cxd6 Qxd6 21. Bc5 Qxd3 22. Bxf8 Bxf8 23. Rd1 Qxe2 24. Rxd7 Nc4 25. Qe1 Qc2 26. Qd1 Qa2 27. Ra1 1/2-1/2